Library Banner

Uncensored (Record no. 76794)

MARC details
000 -LEADER
fixed length control field 00457nam a22001577a 4500
005 - DATE AND TIME OF LATEST TRANSACTION
control field 20150930113826.0
008 - FIXED-LENGTH DATA ELEMENTS--GENERAL INFORMATION
fixed length control field 150930b xxu||||| |||| 00| 0 eng d
020 ## - INTERNATIONAL STANDARD BOOK NUMBER
International Standard Book Number 969407245X
040 ## - CATALOGING SOURCE
Transcribing agency PK-LaUMT
082 ## - DEWEY DECIMAL CLASSIFICATION NUMBER
Classification number KHC 302.23095491
Item number BUR-U
100 ## - MAIN ENTRY--PERSONAL NAME
Personal name Burhanuddin Hasan
245 ## - TITLE STATEMENT
Title Uncensored
Remainder of title an eyewitness account of abuse of powre and media in Pakistan
Statement of responsibility, etc Burhanuddin Hasan
260 ## - PUBLICATION, DISTRIBUTION, ETC. (IMPRINT)
Place of publication, distribution, etc Karachi
Name of publisher, distributor, etc Royal book
Date of publication, distribution, etc 2000
300 ## - PHYSICAL DESCRIPTION
Extent 362 p.
942 ## - ADDED ENTRY ELEMENTS (KOHA)
Koha item type Books
Holdings
Withdrawn status Lost status Damaged status Home library Current library Date acquired Full call number Barcode Date last seen Price effective from Koha item type
      UMT Main Campus UMT Main Campus 2015-09-30 KHC 302.23095491 BUR-U 71085 2015-09-30 2015-09-30 Books